| 000 | 00668nam a2200193Ii 4500 | ||
|---|---|---|---|
| 003 | JO-AjNU | ||
| 008 | 230605s9999||||xx |||||||||||||| ||und|| | ||
| 040 |
_aJO-AjNU _bara _erda _cJO-AjNU |
||
| 041 | _aara | ||
| 050 | 1 | 4 | _aBP183.6.B39 |
| 100 | 3 |
_aالبيجاني، محمد بن سالم, _eauthor _913150 |
|
| 245 | 0 | 0 | _aالفتوحات الربانية بالخطب والمواعظ القرآنية |
| 264 | 3 | 1 | _aبيروت: دار القلم للطباعة والنشر، د.ت |
| 300 | _a355ص | ||
| 336 |
_atext _btxt _2rdacontent |
||
| 337 |
_aunmediated _bn _2rdamedia |
||
| 338 |
_avolume _bnc _2rdacarrier |
||
| 650 | 4 |
_aالوعظ والارشاد _913151 |
|
| 999 |
_aA3197 _c6765 _d6765 |
||